000 00936nas a2200313 4500
001 BR2012006121
003 BR-BrBNA
005 20231205121009.0
007 ta
008 230509b bl.|||p| |||| 00| 00por d
040 _aBR-BrBNA
_bpor
_cBiblioteca Nacional de Agricultura
041 _a(Pt)
072 _aL50; L53
100 1 _aViana, R.B.
100 1 _aBragança, G.M.
100 1 _aCardoso, E. da C.
100 1 _aMonteiro, B.M.
100 1 _aAraújo, C.V.
100 1 _aPaz, G.C. da
100 1 _aSouza, D.C.
245 1 _aPreparo de amostras de plasma seminal de búfalos para determinação de minerais
650 _aBÚFALO
650 _aANÁLISE QUÍMICA
650 _aSÉMEN
650 _aREPRODUÇÃO ANIMAL
773 0 _tRevista de Ciências Agrárias (Brazil)
_xISSN 1517-591X
_g(Sep-Dec 2011), v. 54(3) p. 208-213
_wBR2012006121
909 _a202311
_bLúcia
_c55
_dLúcia Elande
942 _2AGRIS
_n0
_cANA
999 _c221383
_d221383